000 01115nam a22002297a 4500
005 20170726123518.0
010 _a161708HN B-669339-362 HIN-105022
020 _c600.00
_a9789383754267
035 _aHN-77368
035 _aB-669339-362
037 _bBSB
037 _bDBAD/PUB
082 _a613.7046
100 _aरावत, अनुजा
245 _aयोग और योगी /
_cअनुजा रावत
246 _aYog Aur Yogi
_bby Anuja Rawat
260 _aनई दिल्ली
_bसत्यम् पब्लिशिंग हाउस
_c2017
270 _bनई दिल्ली
_aएन-3/25-ए डी.के. रोड, मोहुन गार्डन, उत्तम नगर,
_e110059
_k011-25358642
_msatyampub_2006@yahoo.com
300 _a244 पृ.
_c22 से.मी. (सजिल्द)
942 _2ddc
_cHN
_mरावत
_h613.7046
999 _c91793
_d91793